La fábrica flexible /

Guardado en:
Autor Principal: Ferré Masip, Rafael.
Formato: Libro
Idioma:Spanish
Publicado: Barcelona : Marcombo, 1988.
Series:Prodúctica ; 9.
Materias:
Etiquetas: Agregar Etiqueta
Sin Etiquetas, Sea el primero en etiquetar este registro!
LEADER 00618nam a22001935 4500
001 EAD.ead003010
008 080718s1988####sp#a##########000#0#spa#d
005 20111031135219.0
245 1 3 |a La fábrica flexible /  |c Rafael Ferré Masip. 
260 |a Barcelona :  |b Marcombo,  |c 1988. 
300 |a 148 p. :  |b il. ;  |c 25 cm. 
490 1 |a Prodúctica ;  |v 9 
020 |a 8426706851 
100 1 |a Ferré Masip, Rafael. 
830 0 |a Prodúctica ;  |v 9. 
082 0 4 |a 658.5  |2 21 
650 7 |a Administración de fábricas.  |2 unbist 
650 7 |a Fabricación industrial.  |2 unbist 
859 |a AR-BaBDC  |b BIB. ADMINISTRACION - Libros  |h 658.5  |i F377  |p b03793